000 005140000a22001810004500
003 MACL
005 20160420120716.0
008 160420b xxu||||| |||| 00| 0 eng d
040 _aMACL
_cMACL
041 _aHindi
082 _a800
100 _aरामविलास शर्मा
_939681
245 _aमेरे साक्षात्‍कार
260 _bकिताब घर
_c1994
_aदिल्‍ली
350 _a175
650 _aLiteracture
_952788
942 _cHIN
_k800/SHA/L
_2ddc
999 _c21463
_d21463